| 000 | 00649nam a2200241Ia 4500 | ||
|---|---|---|---|
| 003 | OSt | ||
| 005 | 20220924114924.0 | ||
| 006 | a|||||r|||| 00| 0 | ||
| 007 | ta | ||
| 008 | 220923b |||||||| |||| 00| 0 hin d | ||
| 024 | _a64710 | ||
| 037 | _cTextual | ||
| 040 |
_aARTS _cARTS _bhin |
||
| 041 |
_2hin _ahin |
||
| 082 | _aQ4:(Y:1), 152J3(Q4) | ||
| 100 |
_aSanskrityayan Rahul _964052 |
||
| 245 | 0 | _aBaudha sanskriti | |
| 260 |
_aCalcutta _bAdhunik Pustak Bhavan _c1953 |
||
| 300 |
_axv,485p _ccm. |
||
| 650 | _aRELIGION | ||
| 942 |
_hQ4:(Y:1), 152J3(Q4) _cTEXL _2CC |
||
| 999 |
_c395995 _d395995 |
||